Libertad y restricción en la decisión judicial: el debate con la teoría crítica del derecho, CLS

সংরক্ষণ করুন:
গ্রন্থ-পঞ্জীর বিবরন
প্রধান লেখক: Kennedy, Duncan (Author)
বিন্যাস: গ্রন্থ
ভাষা:স্প্যানিশ
প্রকাশিত: Bogotá Siglo del Hombre 1999
মালা:Colección Nuevo Pensamiento Jurídico. Serie Temas
বিষয়গুলি:
ট্যাগগুলো: ট্যাগ যুক্ত করুন
কোনো ট্যাগ নেই, প্রথমজন হিসাবে ট্যাগ করুন!

MARC

LEADER 00000nam a2200000 a 4500
001 UCN1727
003 CL-VaPUC
008 010504e19990000CK |||||||||||||||||spa|d
082 0 4 |a 340.1  |b KEN  |2 21 
100 |a Kennedy, Duncan  |e author  |9 457012 
245 1 0 |a Libertad y restricción en la decisión judicial: el debate con la teoría crítica del derecho, CLS 
300 |a 221 p 
942 |c BK 
945 |d 20010504 00:00:00  |a vberengu 
260 |a Bogotá  |b Siglo del Hombre  |c 1999 
650 0 |a Teoría del derecho  |9 255982 
650 0 |a Libertad  |9 255686 
650 0 |a Derecho y libertad  |9 384500 
650 0 |a Autonomía de la voluntad  |9 382256 
650 7 |a TEORIA CRITICA DEL DERECHO  |2 CL-VaPUC  |9 457013 
583 |a last modification  |c 20010504 00:00:00  |k Rodrigo Vera 
490 0 |a Colección Nuevo Pensamiento Jurídico. Serie Temas 
999 |c 294960  |d 294958 
952 |0 0  |1 0  |4 0  |6 340_100000000000000_KEN_1999  |7 0  |8 DER_TF  |9 347730  |a BIBDER  |b BIBDER  |d 2019-11-20  |i 3712516  |o 340.1 KEN 1999  |p 3712516  |r 2023-01-25  |w 2019-11-20  |x Ubicación 4to Piso  |y BK  |z Estos recursos deben solicitarse con anticipación  |k DER